South Eastern Kenya University

Library Online Public Access Catalogue


Behavior in organizations : (Record no. 18556)

MARC details
000 -LEADER
fixed length control field 00651nam a22002057a 4500
003 - CONTROL NUMBER IDENTIFIER
control field OSt
005 - DATE AND TIME OF LATEST TRANSACTION
control field 20250521095248.0
008 - FIXED-LENGTH DATA ELEMENTS--GENERAL INFORMATION
fixed length control field 250521b |||||||| |||| 00| 0 eng d
020 ## - INTERNATIONAL STANDARD BOOK NUMBER
International Standard Book Number 9788120323568
040 ## - CATALOGING SOURCE
Original cataloging agency SEKU
050 ## - LIBRARY OF CONGRESS CALL NUMBER
Classification number HD 31
Item number .G74 2003
100 ## - MAIN ENTRY--PERSONAL NAME
Personal name Greenberg, Jerald.
245 ## - TITLE STATEMENT
Title Behavior in organizations :
Remainder of title understanding and managing the human side of work /
Statement of responsibility, etc. Jerald Greenberg ; Robert A. Baron.
250 ## - EDITION STATEMENT
Edition statement 8th ed.
260 ## - PUBLICATION, DISTRIBUTION, ETC. (IMPRINT)
Place of publication, distribution, etc. New Delhi :
Name of publisher, distributor, etc. Prentice-Hall,
Date of publication, distribution, etc. 2003.
300 ## - PHYSICAL DESCRIPTION
Extent 691 p. :
Other physical details ill.
650 ## - SUBJECT ADDED ENTRY--TOPICAL TERM
Source of heading or term Organizational behavior
700 ## - ADDED ENTRY--PERSONAL NAME
Personal name Baron, Robert A.
942 ## - ADDED ENTRY ELEMENTS (KOHA)
Source of classification or shelving scheme Library of Congress Classification
Koha item type General circulation
Classification part HD 31
Item part .G74 2003
Holdings
Withdrawn status Lost status Source of classification or shelving scheme Damaged status Not for loan Home library Current library Shelving location Date acquired Total Checkouts Full call number Barcode Date last seen Price effective from Koha item type
    Library of Congress Classification     Kitui Town Campus Library Kitui Town Campus Library General Stacks 21/05/2025   HD 31 .G74 2003 2024/027701 21/05/2025 21/05/2025 General circulation
Kitui, Kenya.
+254736116989
library@seku.ac.ke